书目信息 |
| 题名: |
日本文学与文化
|
|
| 作者: | 邢心乐 著 | |
| 分册: | ||
| 出版信息: | 青岛 中国海洋大学出版社 2020 |
|
| 页数: | 196页 | |
| 开本: | 24cm | |
| 丛书名: | ||
| 单 册: | ||
| 中图分类: | I313.06 , G131.32 | |
| 科图分类: | ||
| 主题词: | 文学研究--日本 , 文化研究--日本 | |
| 电子资源: | ||
| ISBN: | 978-7-5670-2205-8 | |
| 000 | 00794nam0 2200241 450 | |
| 001 | 2368595547 | |
| 005 | 20231104190333.42 | |
| 010 | @a978-7-5670-2205-8@dCNY58.00 | |
| 100 | @a20200902d2020 em y0chiy50 ea | |
| 101 | 0 | @achi |
| 102 | @aCN@b370000 | |
| 105 | @ay z 000yy | |
| 200 | 1 | @a日本文学与文化@9ri ben wen xue yu wen hua@f邢心乐著 |
| 210 | @a青岛@c中国海洋大学出版社@d2020 | |
| 215 | @a196页@d24cm | |
| 330 | @a本书主要内容包括:日本文学的起源;贵族社会与散文文学;武家社会与文学;日本通俗文学的流行;日本近代文学的诞生;日本现代文学的探索等。 | |
| 606 | 0 | @a文学研究@y日本 |
| 606 | 0 | @a文化研究@y日本 |
| 690 | @aI313.06@v5 | |
| 690 | @aG131.32@v5 | |
| 701 | 0 | @a邢心乐@9xing xin le@4著 |
| 801 | 0 | @aCN@b大连网信软件有限公司图书馆·11@c20231104 |
| 905 | @aBZT@dI313.06@e3 | |
| 日本文学与文化/邢心乐著.-青岛:中国海洋大学出版社,2020 |
| 196页;24cm |
| ISBN 978-7-5670-2205-8:CNY58.00 |
| 本书主要内容包括:日本文学的起源;贵族社会与散文文学;武家社会与文学;日本通俗文学的流行;日本近代文学的诞生;日本现代文学的探索等。 |
| ● |
| 相关链接 |
|
|
|
正题名:日本文学与文化
索取号:I313.06/3
 
预约/预借
| 序号 | 登录号 | 条形码 | 馆藏地/架位号 | 状态 | 备注 |
| 1 | 2000948270 | 2000948270 | 第四书库/四37架B面6层6列/ [索取号:I313.06/3] | 在馆 | |
| 2 | 2000948271 | 2000948271 | 第四书库/四37架B面6层6列/ [索取号:I313.06/3] | 在馆 | |
| 3 | 2000948272 | 2000948272 | 第四书库/四37架B面6层6列/ [索取号:I313.06/3] | 在馆 | |
| 4 | 2000948273 | 2000948273 | 第四书库/四37架B面6层6列/ [索取号:I313.06/3] | 在馆 | |
| 5 | 2000948274 | 2000948274 | 第四书库/四37架B面6层6列/ [索取号:I313.06/3] | 在馆 | |
| 6 | 2000948275 | 2000948275 | 第四书库/四37架B面6层6列/ [索取号:I313.06/3] | 在馆 |